Iraq : Use of Fund Resources-Request for Emergency Post-Conflict Assistance.

This paper reviews Iraq's Request for Emergency Post-Conflict Assistance (EPCA). The authorities' main goals under the EPCA-supported program are to improve the general welfare of the Iraqi people and address Iraq's external debt problem. The authorities' program is to be underpi...

Descrición completa

Detalles Bibliográficos
Autor Corporativo: International Monetary Fund
Formato: Revista
Idioma:English
Publicado: Washington, D.C. : International Monetary Fund, 2004.
Series:IMF Staff Country Reports; Country Report ; No. 2004/325
Acceso en liña:Full text available on IMF
LEADER 01624cas a2200241 a 4500
001 AALejournalIMF003263
008 230101c9999 xx r poo 0 0eng d
020 |c 5.00 USD 
020 |z 9781451819076 
022 |a 1934-7685 
040 |a BD-DhAAL  |c BD-DhAAL 
110 2 |a International Monetary Fund. 
245 1 0 |a Iraq :   |b Use of Fund Resources-Request for Emergency Post-Conflict Assistance. 
264 1 |a Washington, D.C. :  |b International Monetary Fund,  |c 2004. 
300 |a 1 online resource (74 pages) 
490 1 |a IMF Staff Country Reports 
500 |a <strong>Off-Campus Access:</strong> No User ID or Password Required 
500 |a <strong>On-Campus Access:</strong> No User ID or Password Required 
506 |a Electronic access restricted to authorized BRAC University faculty, staff and students 
520 3 |a This paper reviews Iraq's Request for Emergency Post-Conflict Assistance (EPCA). The authorities' main goals under the EPCA-supported program are to improve the general welfare of the Iraqi people and address Iraq's external debt problem. The authorities' program is to be underpinned by a prudent fiscal policy that aims to limit spending to available government revenues and external resources, the use of the exchange rate to anchor inflation expectations, and the planning and undertaking of key structural reforms to transform Iraq into a market economy. 
538 |a Mode of access: Internet 
830 0 |a IMF Staff Country Reports; Country Report ;  |v No. 2004/325 
856 4 0 |z Full text available on IMF  |u http://elibrary.imf.org/view/journals/002/2004/325/002.2004.issue-325-en.xml  |z IMF e-Library